Les cocktails - Statistiques

Statistiques générales
  • Ce quiz a été pris 245 fois
  • Le résultat moyen est 5 sur 10
Statistiques - réponses
Par images Réponse % Correct
Mojito
100%
Pina Colada
86%
Margarita
55%
Moscow Mule
53%
Aperol Spritz
44%
Negroni
42%
Caipirinha
34%
Cosmopolitain
30%
Daiquiri
23%
Old fashioned
15%
Aucun quiz correspondant
Distribution des résultats
% des personnes avec chaque résultat
Percentile par nombre de réponses
Votre historique - résultats
Vous n’avez pas pris ce quiz